World climate change : The role of international law and institutions

Bibliographic Details
Other Authors: Nanda, V.P
Format: Book
Published: Boulder, Colorado : Westview , 1983
Subjects:

MARC

LEADER 00000cam a2200000 7i4500
001 0000001080
005 20050627.0
020 |a 0865313113 
040 |a INS 
090 0 0 |a K3775   |b W4W67 1983 
245 1 0 |a World climate change :   |b The role of international law and institutions   |c edited by Ved P. Nanda 
260 |a Boulder, Colorado :   |b Westview ,   |c 1983 
300 |a xp :   |b 264p ;   |c 24cm. 
500 |a A Westview special study 
650 0 0 |a Air-pollution   |x law and legislation   |x Addresses,essays,lectures 
650 0 0 |a Climotology   |x International Cooperation   |x Addresses,essays,lectures 
700 1 |a Nanda, V.P. 
999 |a 0000002386   |b BOOK   |c Red Spot   |e Default branch 
999 |a 0000002387   |b BOOK   |c Open Shelf   |e Default branch